| 000 | 00482cam a22002051 4500 | ||
|---|---|---|---|
| 001 | sa 68001514 | ||
| 003 | DLC | ||
| 005 | 20260227112434.0 | ||
| 008 | 881028s1966 xx 000 0 benr | ||
| 010 | _asa 68001514 | ||
| 035 | _a(OCoLC)23573458 | ||
| 040 |
_aDLC _cMiU _dDLC |
||
| 042 | _apremarc | ||
| 050 | 0 | 0 |
_aPK1730.12.N5 _bB5 |
| 100 | 0 |
_aAnjuman Ara Begum, _d1929- |
|
| 245 | 1 | 0 | _aBisarpila. |
| 260 |
_a[n.p. _c1966] |
||
| 300 |
_a142 p. _c22 cm. |
||
| 500 | _aRomanized. | ||
| 999 |
_c78004 _d78004 |
||